00459nam a2200205Ia 4500008004000000020001500040041000800055082001700063100001400080245003600094250000500130260003700135300001300172650001000185650001700195650001200212650000700224650000600231700001600237210210b2006 xxu||||| |||| 00| 0 eng d a0415390885 aeng a576.076 BAKI aBAKER (S) aInstant notes microbiology Ed 3 a aNew YorkbTaylor & Francisc2006 aviii,427 anotes amicrobiology aInstant aEd a3 aNICKLIN (J)